000 00940nam a22002897a 4500
001 BR0402494
003 BR-BrBNA
005 20230928101622.0
007 ta
008 230509b bl.||||| |||| 00| 0 por d
040 _aBR-BrBNA
_bpor
_cBiblioteca Nacional de Agricultura
041 _a(Por)
072 _aQ02
_b1100
090 _ 1100 BR0402494
100 1 _aCarneiro, C. da S.
110 1 _aUniversidade Federal de Lavras, MG (Brasil)
_0Tese (Mestrado)
245 1 _aEstruturação e morfologia de cristais de gelo sob a influência de concentrações e combinações de substâncias diversas
260 3 _aLavras, MG (Brasil):
_c1997.
300 _a135 p.
500 _aSummaries (Eng, Por); Bibliography p. 128-135; 52 illus.; 6 tables
650 _aFRUTA TROPICAL
650 _aCRISTALIZAÇÃO
650 _aCONGELAMENTO
650 _aPRESERVAÇÃO DE ALIMENTO
909 _a202309
_bLucia
_c55
_dLucia Elande
942 _cBK
999 _c66729
_d66729